[Event "NRW Class1 1314"]
[Site "Germany"]
[Date "2014.02.02"]
[Round "6.1"]
[White "Fleck, Juergen"]
[Black "Hort, Vlastimil"]
[Result "1-0"]
[WhiteElo "2325"]
[BlackElo "2388"]
[PlyCount "65"]
[EventDate "2013.09.15"]
[EventType "team-tourn"]
[EventRounds "9"]
[EventCountry "GER"]
[SourceTitle "EXT 2015"]
[Source "ChessBase"]
[SourceDate "2014.11.20"]
[SourceVersion "1"]
[SourceVersionDate "2014.11.20"]
[SourceQuality "1"]
[WhiteTeam "Duisburg PSV"]
[BlackTeam "Oberhausen"]
[WhiteTeamCountry "GER"]
[BlackTeamCountry "GER"]

1. e4 c5 2. Nf3 d6 3. d4 cxd4 4. Nxd4 Nf6 5. Nc3 Nbd7 6. Be3 a6 7. f3 h5 8. Qd2 e6 9. 0-0-0 Qc7 10. Kb1 b6 11. Bd3 Bb7 12. h3 Ne5 13. f4 Nxd3 14. cxd3 Be7 15. Qe2 h4 16. Rc1 Qd7 17. Nf3 Nh5 18. Qf2 Ng3 19. Rhd1 b5 20. Bd4 0-0 21. Ne2 Nxe2 22. Qxe2 f5 23. Ng5 g6 24. exf5 e5 25. fxe5 Bxg5 26. e6 Qe7 27. fxg6 Bf6 28. Bb6 Rac8 29. Qh5 Qg7 30. Rxc8 Bxc8 31. Rc1 Be7 32. Rc7 Re8 33. Bd4 1-0

[Event "NRW Class1 1314"]
[Site "Germany"]
[Date "2013.09.15"]
[Round "1.1"]
[White "Odendahl, Reiner"]
[Black "Fleck, Juergen"]
[Result "1/2-1/2"]
[WhiteElo "2252"]
[BlackElo "2325"]
[PlyCount "51"]
[EventDate "2013.09.15"]
[EventType "team-tourn"]
[EventRounds "9"]
[EventCountry "GER"]
[SourceTitle "EXT 2015"]
[Source "ChessBase"]
[SourceDate "2014.11.20"]
[SourceVersion "1"]
[SourceVersionDate "2014.11.20"]
[SourceQuality "1"]
[WhiteTeam "Elberfeld"]
[BlackTeam "Duisburg PSV"]
[WhiteTeamCountry "GER"]
[BlackTeamCountry "GER"]

1. Nf3 d5 2. g3 Bg4 3. Bg2 c6 4. 0-0 Nd7 5. d3 Ngf6 6. c4 e6 7. cxd5 exd5 8. Nc3 Be7 9. Qc2 Nc5 10. e4 dxe4 11. dxe4 Qd3 12. Ne1 Qxc2 13. Nxc2 0-0 14. Be3 Rfe8 15. f3 Be6 16. Rfd1 Rad8 17. Nd4 Bc4 18. Bf1 Bxf1 19. Kxf1 Na6 20. Nf5 Bc5 21. Bg5 Nb4 22. a3 Nc2 23. Rxd8 Rxd8 24. Rc1 Nd4 25. Rd1 Bb6 26. Bxf6 1/2-1/2

[Event "Oberliga NRW 1213"]
[Site "Germany"]
[Date "2012.12.16"]
[Round "4.1"]
[White "Henrichs, Thomas"]
[Black "Fleck, Juergen"]
[Result "1-0"]
[WhiteElo "2503"]
[BlackElo "2339"]
[PlyCount "63"]
[EventDate "2012.09.16"]
[EventType "team-tourn"]
[EventRounds "9"]
[EventCountry "GER"]
[SourceTitle "EXT 2017"]
[Source "ChessBase"]
[SourceDate "2016.10.25"]
[SourceVersion "1"]
[SourceVersionDate "2016.10.25"]
[SourceQuality "1"]
[WhiteTeam "Bochum Wattenscheid II"]
[BlackTeam "Duisburg PSV"]
[WhiteTeamCountry "GER"]
[BlackTeamCountry "GER"]

1. c4 Nf6 2. Nc3 e5 3. Nf3 Nc6 4. a3 g6 5. g3 Bg7 6. Bg2 0-0 7. 0-0 d6 8. d3 Nd4 9. Ne1 c6 10. e3 Nf5 11. Nf3 a6 12. h3 b5 13. c5 Re8 14. cxd6 Qxd6 15. Qc2 Bb7 16. Nd2 Qe7 17. Nce4 Bf8 18. b4 a5 19. Nxf6+ Qxf6 20. Ne4 Qe7 21. Bd2 a4 22. Nc5 Rac8 23. Bc3 h5 24. e4 Nd4 25. Bxd4 exd4 26. f4 f5 27. Qf2 Bg7 28. g4 hxg4 29. hxg4 fxg4 30. Qg3 Kf7 31. Qxg4 Rh8 32. f5 1-0

[Event "Oberliga NRW 1112"]
[Site "Germany"]
[Date "2011.12.04"]
[Round "4.1"]
[White "Fleck, Juergen"]
[Black "Jens, Jelmer"]
[Result "1/2-1/2"]
[WhiteElo "2339"]
[BlackElo "2388"]
[PlyCount "54"]
[EventDate "2011.09.18"]
[EventType "team-tourn"]
[EventRounds "9"]
[EventCountry "GER"]
[SourceTitle "EXT 2015"]
[Source "ChessBase"]
[SourceDate "2014.11.20"]
[SourceVersion "1"]
[SourceVersionDate "2014.11.20"]
[SourceQuality "1"]
[WhiteTeam "Duisburg PSV"]
[BlackTeam "Bochum SG II"]
[WhiteTeamCountry "GER"]
[BlackTeamCountry "GER"]

1. e4 e5 2. Nf3 Nc6 3. Bb5 a6 4. Ba4 Nf6 5. 0-0 Be7 6. Re1 b5 7. Bb3 d6 8. c3 0-0 9. h3 Nb8 10. d4 Nbd7 11. Nbd2 Bb7 12. Bc2 Re8 13. Nf1 Bf8 14. Ng3 g6 15. b3 Bg7 16. d5 Qb8 17. Be3 c6 18. c4 Rc8 19. Qd2 a5 20. Red1 Ba6 21. dxc6 Rxc6 22. cxb5 Qxb5 23. Bd3 Qxd3 24. Qxd3 Bxd3 25. Rxd3 d5 26. exd5 Rd6 27. Ng5 Rxd5 1/2-1/2

[Event "Oberliga NRW 1011"]
[Site "Germany"]
[Date "2011.01.09"]
[Round "5.2"]
[White "Souleidis, Georgios"]
[Black "Fleck, Juergen"]
[Result "1-0"]
[WhiteElo "2410"]
[BlackElo "2410"]
[PlyCount "119"]
[EventDate "2010.09.26"]
[EventType "team-tourn"]
[EventRounds "9"]
[EventCountry "GER"]
[SourceTitle "EXT 2012"]
[Source "ChessBase"]
[SourceDate "2011.11.24"]
[SourceVersion "1"]
[SourceVersionDate "2011.11.24"]
[SourceQuality "1"]
[WhiteTeam "Wattenscheid II"]
[BlackTeam "Duisburg"]
[WhiteTeamCountry "GER"]
[BlackTeamCountry "GER"]

1. e4 e5 2. Nf3 Nc6 3. Bc4 Bc5 4. b4 Bxb4 5. c3 Ba5 6. d4 d6 7. Qb3 Qd7 8. Nbd2 Bb6 9. dxe5 Na5 10. Qc2 Nxc4 11. Nxc4 d5 12. Nxb6 axb6 13. 0-0 dxe4 14. Qxe4 Qg4 15. Qe2 Be6 16. Rd1 Qc4 17. Qe1 Rxa2 18. Bg5 Ne7 19. Rd4 Rxa1 20. Qxa1 Qa2 21. Qd1 Qa8 22. Ra4 Qd8 23. Qxd8+ Kxd8 24. Ra8+ Bc8 25. Rxc8+ Kxc8 26. Bxe7 Kd7 27. Bg5 Ra8 28. Kf1 Ra2 29. Bd2 h6 30. Ke2 Ke6 31. Kd3 b5 32. Nd4+ Kxe5 33. Nxb5 Ra1 34. h3 c6 35. f4+ Kf6 36. Nd6 Rg1 37. g4 Rg3+ 38. Ke4 Rxh3 39. Nxb7 Ke7 40. Na5 Kd6 41. Nc4+ Kc5 42. Ne3 Rh1 43. Nf5 g6 44. Be3+ Kc4 45. Nd6+ Kxc3 46. Nxf7 h5 47. gxh5 gxh5 48. Ne5 h4 49. Nf3 h3 50. f5 h2 51. f6 Kc2 52. f7 Rf1 53. f8Q h1Q 54. Qc5+ Kb3 55. Qb6+ Ka3 56. Bc5+ Ka2 57. Qa6+ Kb2 58. Qa3+ Kc2 59. Qd3+ Kb2 60. Bd4+ 1-0

[Event "Oberliga NRW 1011"]
[Site "Germany"]
[Date "2010.11.28"]
[Round "3.1"]
[White "Fleck, Juergen"]
[Black "De Jong, Jan Willem"]
[Result "1/2-1/2"]
[WhiteElo "2410"]
[BlackElo "2444"]
[PlyCount "56"]
[EventDate "2010.09.26"]
[EventType "team-tourn"]
[EventRounds "9"]
[EventCountry "GER"]
[SourceTitle "EXT 2012"]
[Source "ChessBase"]
[SourceDate "2011.11.24"]
[SourceVersion "1"]
[SourceVersionDate "2011.11.24"]
[SourceQuality "1"]
[WhiteTeam "Duisburg"]
[BlackTeam "Castrop Rauxel"]
[WhiteTeamCountry "GER"]
[BlackTeamCountry "GER"]

1. e4 e5 2. Nf3 Nc6 3. Bb5 a6 4. Ba4 Nf6 5. 0-0 Nxe4 6. d4 b5 7. Bb3 d5 8. dxe5 Be6 9. c3 Nc5 10. Bc2 Bg4 11. Nbd2 Ne6 12. Re1 Bc5 13. Nf1 Bh5 14. Ng3 Bg6 15. Be3 Bxe3 16. Rxe3 Ne7 17. b4 0-0 18. a4 Bxc2 19. Qxc2 c5 20. axb5 axb5 21. Rxa8 Qxa8 22. bxc5 Rc8 23. Qb1 Rxc5 24. h3 Qa4 25. Ne2 Nc6 26. Qf5 Ne7 27. Qb1 Nc6 28. Qf5 Ne7 1/2-1/2

[Event "Oberliga NRW 0910"]
[Site "Germany"]
[Date "2010.01.10"]
[Round "5.2"]
[White "Kaufeld, Juergen"]
[Black "Fleck, Juergen"]
[Result "0-1"]
[WhiteElo "2274"]
[BlackElo "2409"]
[PlyCount "34"]
[EventDate "2009.09.20"]
[EventType "team-tourn"]
[EventRounds "9"]
[EventCountry "GER"]
[SourceTitle "EXT 2011"]
[Source "ChessBase"]
[SourceDate "2010.11.26"]
[SourceVersion "1"]
[SourceVersionDate "2010.11.26"]
[SourceQuality "1"]
[WhiteTeam "Muelheim Nord II"]
[BlackTeam "Duisburg PSV"]
[WhiteTeamCountry "GER"]
[BlackTeamCountry "GER"]

1. d4 d5 2. c4 c6 3. Nf3 Nf6 4. Nc3 e6 5. g3 Nbd7 6. Bg2 dxc4 7. 0-0 Bd6 8. e4 e5 9. Qe2 exd4 10. e5 Nxe5 11. Nxe5 0-0 12. Nd1 d3 13. Qe1 d2 14. Bxd2 Bxe5 15. Qxe5 Qxd2 16. Ne3 Ng4 17. Nxc4 Qh6 0-1

[Event "Oberliga NRW 0809"]
[Site "Germany"]
[Date "2009.04.26"]
[Round "9.1"]
[White "Illner, Achim"]
[Black "Fleck, Juergen"]
[Result "1/2-1/2"]
[WhiteElo "2360"]
[BlackElo "2430"]
[PlyCount "49"]
[EventDate "2008.09.21"]
[EventType "team-tourn"]
[EventRounds "9"]
[EventCountry "GER"]
[SourceTitle "EXT 2010"]
[Source "ChessBase"]
[SourceDate "2010.11.25"]
[SourceVersion "1"]
[SourceVersionDate "2010.11.25"]
[SourceQuality "1"]
[WhiteTeam "Bochum"]
[BlackTeam "Duisburg"]
[WhiteTeamCountry "GER"]
[BlackTeamCountry "GER"]

1. e4 e5 2. Nf3 Nc6 3. Bb5 a6 4. Bxc6 dxc6 5. 0-0 f6 6. d4 exd4 7. Nxd4 c5 8. Ne2 Qxd1 9. Rxd1 Bd7 10. Nbc3 0-0-0 11. Be3 Re8 12. Rd2 Bc6 13. Rad1 b6 14. f3 Ne7 15. Nf4 Ng6 16. Nxg6 hxg6 17. Bf4 Be7 18. Nd5 Bd8 19. Ne3 g5 20. Bg3 Be7 21. c4 Kb7 22. Nd5 Bd8 23. Ne3 Be7 24. Bf2 Bd6 25. Bg3 1/2-1/2

[Event "Oberliga NRW 0809"]
[Site "Germany"]
[Date "2009.03.22"]
[Round "8.1"]
[White "Fleck, Juergen"]
[Black "Peerlings, Camiel"]
[Result "1/2-1/2"]
[WhiteElo "2430"]
[BlackElo "2194"]
[PlyCount "37"]
[EventDate "2008.09.21"]
[EventType "team-tourn"]
[EventRounds "9"]
[EventCountry "GER"]
[SourceTitle "EXT 2010"]
[Source "ChessBase"]
[SourceDate "2010.11.25"]
[SourceVersion "1"]
[SourceVersionDate "2010.11.25"]
[SourceQuality "1"]
[WhiteTeam "Duisburg"]
[BlackTeam "Nord II"]
[WhiteTeamCountry "GER"]
[BlackTeamCountry "GER"]

1. e4 e5 2. Nf3 Nc6 3. Bb5 a6 4. Ba4 Nf6 5. 0-0 Nxe4 6. d4 exd4 7. Re1 d5 8. Nxd4 Bd6 9. Nxc6 Bxh2+ 10. Kh1 Qh4 11. Rxe4+ dxe4 12. Qd8+ Qxd8 13. Nxd8+ Kxd8 14. Kxh2 Be6 15. Nc3 c5 16. Nxe4 b5 17. Nxc5 bxa4 18. Bg5+ Kc7 19. Nxa4 1/2-1/2

[Event "Zuerich op-A 32nd"]
[Site "Zuerich"]
[Date "2008.12.28"]
[Round "4"]
[White "Fleck, Juergen"]
[Black "Haas, Carmi"]
[Result "1/2-1/2"]
[WhiteElo "2430"]
[BlackElo "2209"]
[PlyCount "44"]
[EventDate "2008.12.26"]
[EventType "swiss"]
[EventRounds "7"]
[EventCountry "SUI"]
[SourceTitle "CBM 127 Extra"]
[Source "ChessBase"]
[SourceDate "2009.01.08"]
[SourceVersion "2"]
[SourceVersionDate "2009.01.28"]
[SourceQuality "1"]

1. e4 e5 2. Nf3 Nf6 3. d4 Nxe4 4. Bd3 d5 5. dxe5 Be7 6. Nc3 Nxc3 7. bxc3 Nc6 8. 0-0 Bg4 9. Re1 0-0 10. h3 Be6 11. Rb1 Rb8 12. Nd4 Nxd4 13. cxd4 c5 14. c3 b5 15. dxc5 Bxc5 16. Qc2 Qh4 17. Rxb5 Rxb5 18. Bxb5 Bxh3 19. Be3 Bxe3 20. Rxe3 Be6 21. Qa4 Qxa4 22. Bxa4 Rc8 1/2-1/2

[Event "Oberliga NRW 0809"]
[Site "Germany"]
[Date "2008.10.12"]
[Round "2.1"]
[White "Mertens, Heiko"]
[Black "Fleck, Juergen"]
[Result "1/2-1/2"]
[WhiteElo "2316"]
[BlackElo "2430"]
[PlyCount "42"]
[EventDate "2008.09.21"]
[EventType "team-tourn"]
[EventRounds "9"]
[EventCountry "GER"]
[SourceTitle "EXT 2010"]
[Source "ChessBase"]
[SourceDate "2010.11.25"]
[SourceVersion "1"]
[SourceVersionDate "2010.11.25"]
[SourceQuality "1"]
[WhiteTeam "Godesberg II"]
[BlackTeam "Duisburg"]
[WhiteTeamCountry "GER"]
[BlackTeamCountry "GER"]

1. e4 c5 2. Nf3 d6 3. d4 Nf6 4. Nc3 cxd4 5. Nxd4 a6 6. f4 Qc7 7. Be2 g6 8. 0-0 Bg7 9. Kh1 0-0 10. Nf3 Nbd7 11. Qe1 b5 12. a3 Bb7 13. Bd3 Nc5 14. f5 d5 15. e5 Nfe4 16. Qh4 gxf5 17. Bh6 Ne6 18. Ne2 Bxh6 19. Qxh6 Kh8 20. Nf4 Nxf4 21. Bxe4 Qc6 1/2-1/2

[Event "BL2-West 0708"]
[Site "Germany"]
[Date "2007.10.21"]
[Round "1.1"]
[White "Zaitsev, Mikhail"]
[Black "Fleck, Juergen"]
[Result "1/2-1/2"]
[WhiteElo "2476"]
[BlackElo "2431"]
[PlyCount "46"]
[EventDate "2007.10.21"]
[EventType "team-tourn"]
[EventRounds "9"]
[EventCountry "GER"]
[SourceTitle "EXT 2009"]
[Source "ChessBase"]
[SourceDate "2008.11.26"]
[SourceVersion "1"]
[SourceVersionDate "2008.11.26"]
[SourceQuality "1"]
[WhiteTeam "Bochum SG"]
[BlackTeam "Duisburg"]
[WhiteTeamCountry "GER"]
[BlackTeamCountry "GER"]

1. e4 e5 2. Nf3 Nc6 3. Bb5 a6 4. Ba4 Nf6 5. 0-0 Bc5 6. d3 b5 7. Bb3 d6 8. a4 Bg4 9. c3 0-0 10. h3 Bxf3 11. Qxf3 b4 12. a5 Rb8 13. Nd2 Na7 14. Qd1 Nb5 15. Nb1 bxc3 16. bxc3 d5 17. exd5 Nxd5 18. Bd2 c6 19. Bc2 Qd6 20. Ra4 Nbc7 21. d4 exd4 22. cxd4 Bb4 23. Bxb4 Nxb4 1/2-1/2

[Event "Oberliga NRW 0607"]
[Site "Germany"]
[Date "2007.05.06"]
[Round "9.1"]
[White "Fleck, Juergen"]
[Black "Van der Weide, Karel"]
[Result "1/2-1/2"]
[WhiteElo "2429"]
[BlackElo "2446"]
[PlyCount "39"]
[EventDate "2006.09.17"]
[EventType "team-tourn"]
[EventRounds "9"]
[EventCountry "GER"]
[SourceTitle "EXT 2008"]
[Source "ChessBase"]
[SourceDate "2007.11.25"]
[SourceVersion "1"]
[SourceVersionDate "2007.11.25"]
[SourceQuality "1"]
[WhiteTeam "Duisburg"]
[BlackTeam "Muenster"]
[WhiteTeamCountry "GER"]
[BlackTeamCountry "GER"]

1. e4 c5 2. Nf3 d6 3. d4 cxd4 4. Nxd4 Nf6 5. Nc3 a6 6. Be2 e5 7. Nb3 Be6 8. f4 Qc7 9. g4 h6 10. g5 hxg5 11. fxg5 Nfd7 12. h4 Nc6 13. Be3 0-0-0 14. Qd2 g6 15. 0-0-0 f5 16. gxf6 Nxf6 17. Bg5 Be7 18. Kb1 Kb8 19. Rhg1 Nh5 20. Bg4 1/2-1/2

[Event "Oberliga NRW 0607"]
[Site "Germany"]
[Date "2007.04.15"]
[Round "8.1"]
[White "Van Assendelft, Floris"]
[Black "Fleck, Juergen"]
[Result "1-0"]
[WhiteElo "2243"]
[BlackElo "2429"]
[PlyCount "49"]
[EventDate "2006.09.17"]
[EventType "team-tourn"]
[EventRounds "9"]
[EventCountry "GER"]
[SourceTitle "EXT 2008"]
[Source "ChessBase"]
[SourceDate "2007.11.25"]
[SourceVersion "1"]
[SourceVersionDate "2007.11.25"]
[SourceQuality "1"]
[WhiteTeam "Gescher"]
[BlackTeam "Duisburg"]
[WhiteTeamCountry "GER"]
[BlackTeamCountry "GER"]

1. e4 c5 2. Nf3 d6 3. d4 cxd4 4. Nxd4 Nf6 5. Nc3 a6 6. Bg5 e6 7. f4 Qc7 8. Qd2 b5 9. Bxf6 gxf6 10. Be2 h5 11. Bf3 Bb7 12. 0-0-0 Nd7 13. Rhe1 0-0-0 14. Kb1 h4 15. f5 e5 16. Nb3 Nb6 17. Nd5 Bxd5 18. exd5 Kb8 19. Na5 Nc4 20. Nxc4 bxc4 21. Re4 Rc8 22. Be2 Qb6 23. Bxc4 Bh6 24. Qe1 Bf4 25. Rd3 1-0

[Event "Oberliga NRW 0607"]
[Site "Germany"]
[Date "2006.09.17"]
[Round "1.1"]
[White "Dinstuhl, Volkmar"]
[Black "Fleck, Juergen"]
[Result "1-0"]
[WhiteElo "2426"]
[BlackElo "2429"]
[PlyCount "113"]
[EventDate "2006.09.17"]
[EventType "team-tourn"]
[EventRounds "9"]
[EventCountry "GER"]
[SourceTitle "EXT 2007"]
[Source "ChessBase"]
[SourceDate "2006.11.23"]
[SourceVersion "1"]
[SourceVersionDate "2006.11.23"]
[SourceQuality "1"]
[WhiteTeam "Wattenscheid II"]
[BlackTeam "Duisburg"]
[WhiteTeamCountry "GER"]
[BlackTeamCountry "GER"]

1. d4 d5 2. c4 c6 3. Nf3 Nf6 4. Nc3 e6 5. e3 Nbd7 6. Bd3 dxc4 7. Bxc4 b5 8. Bd3 b4 9. Ne4 Be7 10. 0-0 0-0 11. Nxf6+ Nxf6 12. e4 c5 13. e5 Nd7 14. Qc2 h6 15. Bh7+ Kh8 16. Be4 Rb8 17. Be3 cxd4 18. Bxd4 Qa5 19. Nd2 Bb7 20. Nc4 Qb5 21. b3 Rbc8 22. Bxb7 Qxb7 23. Qd2 Nb8 24. Qe3 Nc6 25. Bb2 Qb5 26. Rad1 Rcd8 27. Nd6 Qa6 28. Rd2 Kg8 29. Rfd1 Rd7 30. Rc2 Rfd8 31. Rcd2 Nxe5 32. Bxe5 Bxd6 33. Qf3 f6 34. Bg3 Kf7 35. h4 Ke7 36. Qg4 g5 37. hxg5 fxg5 38. Bxd6+ Rxd6 39. Qxb4 Qb6 40. Qa3 a5 41. Rd4 Qb4 42. Rxb4 Rxd1+ 43. Kh2 axb4 44. Qxb4+ Kf6 45. a4 R8d4 46. Qf8+ Ke5 47. g3 g4 48. Qxh6 R1d3 49. Qg7+ Kd5 50. Qb7+ Ke5 51. a5 Rf3 52. Kg2 Rd2 53. Qb6 Ra2 54. a6 Kd5 55. b4 Ke5 56. Qc5+ Kf6 57. b5 1-0

[Event "Oberliga NRW 0405"]
[Site "Germany"]
[Date "2005.01.30"]
[Round "6.1"]
[White "Fleck, Juergen"]
[Black "Solodovnichenko, Yuri"]
[Result "1/2-1/2"]
[WhiteElo "2440"]
[BlackElo "2516"]
[PlyCount "75"]
[EventDate "2004.10.10"]
[EventType "team-tourn"]
[EventRounds "9"]
[EventCountry "GER"]
[SourceTitle "EXT 2006"]
[Source "ChessBase"]
[SourceDate "2005.11.24"]
[SourceVersion "1"]
[SourceVersionDate "2005.11.24"]
[SourceQuality "1"]
[WhiteTeam "Duisburg/Hochheide"]
[BlackTeam "Gerresheim"]
[WhiteTeamCountry "GER"]
[BlackTeamCountry "GER"]

1. e4 c5 2. Nf3 d6 3. d4 cxd4 4. Nxd4 Nf6 5. Nc3 a6 6. Be3 e6 7. f3 Be7 8. Qd2 Nc6 9. g4 Nd7 10. 0-0-0 0-0 11. h4 Nde5 12. Qg2 Qc7 13. Nf5 b5 14. Nxe7+ Nxe7 15. f4 Nc4 16. Bxc4 bxc4 17. g5 Bb7 18. h5 d5 19. g6 dxe4 20. h6 fxg6 21. hxg7 Rf5 22. Rh6 Nd5 23. Nxd5 Rxd5 24. Rdh1 Rad8 25. Rxh7 Rd1+ 26. Rxd1 Rxd1+ 27. Kxd1 Qd8+ 28. Ke1 Kxh7 29. Qh3+ Kxg7 30. Bd2 Bd5 31. Bc3+ Kf7 32. Qh7+ Ke8 33. Qxg6+ Kd7 34. Bf6 Qb6 35. Qf7+ Kc6 36. Qe8+ Kb7 37. Qd7+ Qc7 38. Qxc7+ 1/2-1/2